000
00246nam a22001217a 4500
008
230703b xxu||||| |||| 00| 0 eng d
082
_a
351
_b
COL
100
_c
COL
245
_a
Kenya 1962
260
_a
London
300
_a
202p
942
_2
ddc
_c
BK
999
_c
3164
_d
3164